Bukan aku tak cinta

Bibliographic Details
Main Author: Qash Irdina
Format: Book
Published: Selangor : Fajar Pakeer , 2012
Series:Novel
Subjects:

MARC

LEADER 00000cam a2200000 7i4500
001 0000056389
005 20151209.0
008 151209
020 |a 9789673651184 
090 0 0 |a QAS   |b MAL 
100 1 |a Qash Irdina 
245 1 4 |a Bukan aku tak cinta   |c Qash Irdina 
260 |a Selangor :   |b Fajar Pakeer ,   |c 2012 
490 0 |a Novel 
500 |a Dewasa 
650 0 |a Dewasa   |x Fiction 
650 0 |a Novel cinta 
999 |a 0001376468   |b Book   |c Adult Collection   |e Cawangan AEON Kulaijaya